| 000 | 01055nam a2200253 i 4500 | ||
|---|---|---|---|
| 001 | 66612 | ||
| 003 | ES-MaACL | ||
| 005 | 20250927135246.0 | ||
| 007 | t| | ||
| 008 | 021125s2002 sp ||||0| spa d | ||
| 020 | _a84-7784-877-7 | ||
| 100 | 1 |
_aEsplá, Carlos. _947930 |
|
| 245 | 1 | 0 |
_aUnamuno, Blasco Ibáñez y Sánchez Guerra en París : _bcrónicas de París y otros escritos periodísticos, 1916-1930 / _cCarlos Esplá Rizo ; introducción, selección y notas, Pedro L. Angosto y Encarna Fernández. |
| 260 |
_a[Alicante] : _bInstituto Alicantino de Cultura "Juan Gil-Albert", _c2002. |
||
| 300 |
_a421 p. ; _c21 cm. |
||
| 600 | 1 | 4 |
_aUnamuno, Miguel de, _d1864-1936- _xBiografías _9172375 |
| 600 | 1 | 4 |
_aBlasco Ibáñez, Vicente, _d1867-1928- _xBiografías _929389 |
| 600 | 1 | 4 |
_aSánchez Guerra, José, _d1859-1935 _9102690 |
| 700 | 1 |
_aAngosto, Pedro L. _921753 |
|
| 700 | 1 |
_aFernández, Encarna ( _qFernández García) _9147369 |
|
| 710 | 2 |
_aInstituto de Cultura "Juan Gil-Albert" _94857 |
|
| 852 |
_aES-MaACL _jL-27113 |
||
| 999 |
_c66612 _d66612 |
||